Databases illuminated. (Record no. 24116)
[ view plain ]
| 000 -LEADER | |
|---|---|
| fixed length control field | 01532cam a2200277 i 4500 |
| 003 - CONTROL NUMBER IDENTIFIER | |
| control field | CUTN |
| 005 - DATE AND TIME OF LATEST TRANSACTION | |
| control field | 20190913165131.0 |
| 008 - FIXED-LENGTH DATA ELEMENTS--GENERAL INFORMATION | |
| fixed length control field | 150227s2017 mau 001 0 eng |
| 020 ## - INTERNATIONAL STANDARD BOOK NUMBER | |
| International Standard Book Number | 9781284056945 |
| 041 ## - LANGUAGE CODE | |
| Language | English |
| 082 00 - DEWEY DECIMAL CLASSIFICATION NUMBER | |
| Classification number | 005.74 |
| Edition number | 23 |
| Item number | RIC |
| 100 1# - MAIN ENTRY--PERSONAL NAME | |
| Personal name | Ricardo, Catherine M., |
| 245 10 - TITLE STATEMENT | |
| Title | Databases illuminated. |
| Statement of responsibility, etc | Catherine M. Ricardo & Susan D. Urban. |
| 250 ## - EDITION STATEMENT | |
| Edition statement | 3rd Ed. |
| 260 ## - PUBLICATION, DISTRIBUTION, ETC. (IMPRINT) | |
| Place of publication, distribution, etc | Burlington, MA : |
| Name of publisher, distributor, etc | Jones & Bartlett Learning ; |
| Date of publication, distribution, etc | 2017. |
| 300 ## - PHYSICAL DESCRIPTION | |
| Extent | xxiv, 718 pages ; |
| Dimensions | 24 cm. |
| 500 ## - GENERAL NOTE | |
| General note | Includes index. |
| 505 0# - FORMATTED CONTENTS NOTE | |
| Title | 1: Introductory database concepts --<br/> |
| -- | 2: Database planning and database architecture --<br/> |
| -- | 3: The entity-relationship model --<br/> |
| -- | 4: The relational model --<br/> |
| -- | 5: Relational database management systems and SQL --<br/> |
| -- | 6: Normalization and denormalization --<br/> |
| -- | 7: Object-based models --<br/> |
| -- | 8: Introduction to database security --<br/> |
| -- | 9: Transaction management --<br/> |
| -- | 10: Distributed databases --<br/> |
| -- | 11: Data warehouses and data mining --<br/> |
| -- | 12: Big data and NoSQL --<br/> |
| -- | 13: Relational query optimization --<br/> |
| -- | 14: Databases and the internet --<br/> |
| -- | 15: Social and ethical issues |
| 650 #0 - SUBJECT ADDED ENTRY--TOPICAL TERM | |
| Topical term or geographic name as entry element | Database management. |
| 700 1# - ADDED ENTRY--PERSONAL NAME | |
| Personal name | Urban, Susan D., |
| 942 ## - ADDED ENTRY ELEMENTS (KOHA) | |
| Source of classification or shelving scheme | Dewey Decimal Classification |
| Koha item type | General Books |
| 100 1# - MAIN ENTRY--PERSONAL NAME | |
| Relator term | author. |
| 250 ## - EDITION STATEMENT | |
| Remainder of edition statement | Catherine M. Ricardo, Iona College, New Rochelle, New York, Susan D. Urban, Arizona State University, Tempe, Arizona. |
| 906 ## - LOCAL DATA ELEMENT F, LDF (RLIN) | |
| a | 7 |
| b | cbc |
| c | orignew |
| d | 1 |
| e | ecip |
| f | 20 |
| g | y-gencatlg |
| Withdrawn status | Lost status | Source of classification or shelving scheme | Damaged status | Not for loan | Collection code | Home library | Location | Shelving location | Date of Cataloging | Total Checkouts | Full call number | Barcode | Date last seen | Price effective from | Koha item type | Source of acquisition |
|---|---|---|---|---|---|---|---|---|---|---|---|---|---|---|---|---|
| Dewey Decimal Classification | Not For Loan | Reference | CUTN Central Library | CUTN Central Library | Reference | 30/11/2017 | 005.74 RIC | 28165 | 30/11/2017 | 30/11/2017 | Reference Books | |||||
| Dewey Decimal Classification | Non-fiction | CUTN Central Library | CUTN Central Library | Generalia | 13/09/2019 | 005.74 RIC | 37344 | 13/09/2019 | 13/09/2019 | General Books | ||||||
| Dewey Decimal Classification | Non-fiction | CUTN Central Library | CUTN Central Library | Generalia | 03/06/2024 | 005.74 RIC | 45675 | 03/06/2024 | 03/06/2024 | General Books | Gratis |
